Introduction to Reference Work Basic Information Sources

Salvato in:
Dettagli Bibliografici
Autore principale: Katz, William A.
Natura: Libro
Lingua:inglese
Pubblicazione: New York MacGraw-Hill Pub. Co. 1987
Edizione:5. ed.
Soggetti:
Tags: Aggiungi Tag
Nessun Tag, puoi essere il primo ad aggiungerne!!

MARC

LEADER 00000nam a2200000 4500
001 c002423
005 20221219120054.3
020 |a 0-07-033537-0 
041 0 |a eng 
044 |a US 
245 1 0 |a Introduction to Reference Work  |b Basic Information Sources  |c William A. Katz 
250 |a 5. ed. 
264 1 |a New York  |b MacGraw-Hill Pub. Co.  |c 1987 
300 |a 397 s. 
610 2 0 |a knižnice 
610 2 0 |a služby informačné 
610 2 0 |a zdroje informácií 
610 2 0 |a bibliografia 
610 2 0 |a katalógy knižničné 
100 1 |a Katz, William A.